Fan-E-Latifagoi Aur Pharakte Hue Latife (Record no. 5016)

MARC details
000 -LEADER
fixed length control field 00584nam a2200241 a 4500
020 ## - INTERNATIONAL STANDARD BOOK NUMBER
ISBN
082 00 - DEWEY DECIMAL CLASSIFICATION NUMBER
Classification number 891.47
Author Cutter PAS
100 ## - MAIN ENTRY--AUTHOR NAME
Author name Pasha, Ahmad Jamal
245 ## - TITLE STATEMENT
Title Fan-E-Latifagoi Aur Pharakte Hue Latife
260 ## - PUBLICATION, DISTRIBUTION, ETC. (IMPRINT)
Place of publication Lucknow
Name of publisher Matbua Nami Press
Year of publication 1976
300 ## - PHYSICAL DESCRIPTION
Number of Pages 144p
500 ## - GENERAL NOTE
General note includes index and biblioraphy
505 2# - FORMATTED CONTENTS NOTE
Formatted contents note Ill
650 ## - SUBJECT ADDED ENTRY--TOPICAL TERM
Topical Term Urdu-Satire
942 ## - ADDED ENTRY ELEMENTS (KOHA)
Koha item type Books
700 1# -
-- Pasha, Ahmad Jamal
Holdings
Collection code Home library Current library Date acquired Cost, normal purchase price Full call number Accession Number Koha item type
  Henry Martyn Institute Library Henry Martyn Institute Library 06/01/2007 5.00 891.47 PAS 05580 Books
                   Copyright © 2026 | Henry Martyn Institute | Hyderabad | TS-500052 | INDIA | Implemented by hmi.edu.in
Hit-Count:

Powered by Koha